000
00334nam a2200133Ia 4500
008
240624s9999 xx 000 0 und d
041
_a
eng
082
_a
650.1 SCU
100
_a
SCUDDER TIM
245
_a
HAVE A NICE CONFLICT HOW TO FIND SUCCESS
260
_c
2012
_a
San Francisco
_b
Jossey-Bass
300
_a
240 : p.
365
_c
_b
28
999
_c
21281
_d
21281